000 00871nam a2200241Ia 4500
003 OSt
005 20221005113143.0
006 a|||||r|||| 00| 0
007 ta
008 221004b |||||||| |||| 00| 0 pan d
024 _a27704
037 _cTextual
040 _aCRL
_cCRL
_bpan
041 _2pan
_apan
082 _aY1:351.236, 153K0
100 _aਰੰਧਾਵਾ, ਮਜਿੰਦਰ ਸਿੰਘ
245 0 _aਪੰਜਾਬੀ ਲੋਕ ਗੀਤ
260 _aਨਵੀ੍ਵ
_bਦਿੱਲੀ ਸਾਹਿਤ ਅਕਾਦੇਮੀ ਭਾਰਤ
_c1960
650 _aਸਮਾਜ Fਾਸਤਰ
700 _a ਸਤਿਆਰਥੀ, ਦੇਵਿੰਦਰ
942 _hY1:351.236, 153K0
_cTEXL
_2cc
999 _c1027219
_d1027219